UK Towns Quiz - West Yorkshire - Statistics

General Stats
  • This quiz has been taken 567 times
    450 since last reset
  • The average score is 36 of 127
Answer Stats
Clue Population Town % Correct
L 536,321 Leeds
97%
B 333,931 Bradford
96%
H 141,692 Huddersfield
92%
W 97,852 Wakefield
92%
H 88,109 Halifax
90%
K 48,758 Keighley
84%
D 63,722 Dewsbury
81%
C 45,351 Castleford
68%
B 44,505 Batley
67%
P 32,978 Pontefract
66%
P 34,863 Pudsey
62%
B 21,325 Bingley
61%
M 32,545 Morley
58%
B 33,160 Brighouse
56%
H 5,223 Hebden Bridge
54%
O 14,541 Otley
52%
S 29,222 Shipley
51%
O 21,861 Ossett
48%
H 4,978 Holmfirth
47%
M 19,612 Mirfield
46%
C 11,613 Cleckheaton
44%
E 15,778 Elland
42%
G 12,450 Guiseley
42%
T 12,968 Todmorden
42%
W 11,712 Wetherby
42%
N 21,978 Normanton
41%
H 13,364 Heckmondwike
40%
F 11,651 Featherstone
39%
G 15,152 Garforth
39%
Y 14,273 Yeadon
38%
S 4,485 Sowerby Bridge
37%
H 5,681 Haworth
36%
B 17,041 Baildon
34%
Q 9,706 Queensbury
33%
R 20,968 Rothwell
33%
D 2,737 Denby
32%
K 9,512 Knottingley
32%
B 6,815 Burley in Wharfedale
31%
M 3,859 Mytholmroyd
31%
L 17,526 Liversedge
29%
M 5,897 Menston
29%
S 8,390 Silsden
29%
H 14,393 Honley
28%
M 3,692 Marsden
28%
K 10,302 Kippax
27%
M 8,330 Meltham
27%
H 9,863 Horbury
26%
S 2,892 Slaithwaite
26%
S 5,022 Steeton
25%
H 9,183 Hemsworth
24%
O 1,897 Oxenhope
24%
R 6,744 Rawdon
24%
S 11,188 South Elmsall
24%
T 5,409 Thornton
24%
R 4,783 Ripponden
23%
B 6,363 Boston Spa
22%
D 2,960 Denholme
22%
G 6,272 Gildersome
22%
G 13,961 Gomersal
22%
A 6,959 Allerton Bywater
21%
E 15,243 East Ardsley
21%
E 1,434 Emley
21%
K 4,033 Kirkburton
21%
S 9,191 Shelf
21%
S 2,516 Shepley
21%
D 5,278 Drighlington
20%
S 1,892 | 2,269 | 2,900 Scholes
20%
L 4,181 Lofthouse
19%
O 3,683 Oakworth
19%
S 4,459 Skelmanthorpe
19%
U 6,333 Upton
19%
A 6,286 Ackworth Moor Top
18%
B 3,592 Bramhope
18%
C 6,128 Crofton
18%
L 9,244 Linthwaite
18%
F 4,992 Fitzwilliam
17%
K 3,496 Kirkheaton
17%
M 1,195 Methley
17%
S 2,696 Shelley
17%
W 3,258 Walton
17%
A 3,249 Addingham
16%
C 6,675 Crigglestone
16%
L 4,947 Lepton
16%
L 2,145 Luddenden
16%
O 1,172 Outlane
16%
S 8,874 South Kirkby
16%
U 1,094 Upperthong
16%
C 2,363 Collingham
15%
E 1,147 East Keswick
15%
M 2,062 Micklefield
15%
A 1,551 Aberford
14%
G 1,118 Grange Moor
14%
I 14,854 IIkley
14%
T 1,398 Thorner
14%
W 3,750 Wilsden
14%
C 4,386 Clayton West
13%
B 2,178 Barwick
12%
C 3,987 Calverley
12%
C 3,100 Cullingworth
12%
D 1,198 Darrington
12%
E 1,227 East Morton
12%
F 1,732 Flockton
12%
H 1,602 Harden
12%
M 2,410 Middlestown
12%
N 2,333 | 3,150 Netherton
12%
S 1,633 Scarcroft
12%
T 1,783 Thorpe
12%
B 1,192 Bottom Boat
11%
B 1,762 Bramham
11%
H 1,216 Holmbridge
11%
O 1,569 Oakenshaw
11%
S 1,459 Shadwell
11%
S 3,075 Swillington
11%
H 5,205 Hovercroft
10%
M 3,358 Mickletown
10%
S 1,691 Streethouse
10%
H 2,798 Holywell Green
9%
P 1,992 Pool-in-Wharfdale
9%
S 2,166 Sharlston
9%
T 1,783 Thorp Arch
9%
H 4,147 Holmfield
8%
B 1,819 Bardsey
7%
H 2,305 Hall Green
7%
S 1,751 South Hiendley
5%
No matching quizzes found
Score Distribution
Percent of People with Each Score
Percentile by Number Answered
Your Score History
You have not taken this quiz since the last reset